000 00699nam a2200229 a 4500
001 20408
003 CO-ViMGA
008 141112s2004 ck r 000 u spa d
020 _a9681666607
040 _aCO-ViMGA
_bspa
_cCO-ViMGA
082 0 4 _aMEVIGAELA.3 V415m
100 1 _aViana Castrillón, Laura
_929458
245 1 0 _aMemoria natural y artificial
260 _aMexico :
_bFondo de cultura económica,
_c1990
300 _a151p
490 _aLa ciencia para todos;88
590 _aForma de adquisición : Donación - - Precio : 12000 - - Fecha de adquisición : Marzo 2006
650 1 4 _aCEREBRO
650 1 4 _aINTELIGENCIA ARTIFICIAL
_917306
650 1 4 _aMEMORIA
_91063
942 _2ddc
_cBK
999 _c29406
_d29406